Paroles de Maes - Fetty Wap - Statistiques

Statistiques générales
  • Ce quiz a été pris 25 fois
  • Le résultat moyen est 30 sur 177
Statistiques - réponses
Paroles % Correct
à
79%
de
79%
les
79%
viennent
79%
Les keufs
74%
péter
74%
Fetty Wap
68%
va n*quer
68%
bélier
63%
comme
63%
devant la porte
58%
si
58%
j'garde
53%
ouvert
53%
un oeil
47%
la
42%
six du mat'
42%
J'ai
37%
j'ai
37%
Bats les couilles
32%
j'ai tort
32%
j'ai toujours
32%
raison
32%
calibre
26%
sur
26%
sur oi-m
26%
des
21%
pas
21%
Tony Montana
21%
avec
16%
Ils ont
16%
investir
16%
le feu
16%
marijuana
16%
toit
16%
couleur
11%
dans
11%
déjà
11%
d'quoi
11%
est
11%
faut taper
11%
j'étais
11%
j'les
11%
J'les ai
11%
j'me
11%
Ketama
11%
kilos
11%
l'apport
11%
le fer
11%
naître
11%
nana
11%
on éteint
11%
ouvrant
11%
pour
11%
qui jouent
11%
tout
11%
vus
11%
zipette
11%
2-3
5%
7-62
5%
à faire
5%
affaires
5%
à plus
5%
aux baqueux
5%
Beaudottes
5%
be-her
5%
Bien sûr
5%
bolide
5%
ça fume
5%
canna'
5%
ça sort
5%
c'est
5%
chez
5%
c'que
5%
d'beuh
5%
d'C
5%
d'cent
5%
De l'OPJ
5%
déposer
5%
Des De Funès
5%
des kilos
5%
des lovés
5%
Détailler
5%
détailler
5%
deux
5%
direct
5%
d'one
5%
d'permis
5%
en
5%
en passant
5%
goût banana
5%
gros
5%
Hannah Montana
5%
il m'faut
5%
j'ai d'la
5%
j'ai plus
5%
j'atteins
5%
j'bédave
5%
j'cours
5%
J'fume
5%
John Wick
5%
j'peux
5%
j'peux plus
5%
J'récupère
5%
J'sais déjà
5%
J'suis
5%
J'suis collé
5%
j'suis sous
5%
j'vais
5%
kalash
5%
la même
5%
l'appuie-tête
5%
la weed
5%
l'îlotier
5%
livres sterling
5%
l'kilo
5%
l'nid d'termites
5%
lunette thermique
5%
mètres
5%
m'faire
5%
m'permettre
5%
on allume
5%
ou paternelle
5%
par
5%
pilon
5%
plus
5%
pour nous
5%
quand
5%
que
5%
ressers
5%
silencieux
5%
ta mère
5%
t'laisser
5%
un gros
5%
un katana
5%
vois
5%
y'a
5%
22 pouces
0%
600
0%
boulot
0%
chevaux
0%
cramé
0%
de diamètre
0%
et on
0%
la berline
0%
l'périmètre
0%
l'termine
0%
On commence
0%
Raheem Sterling
0%
Aucun quiz correspondant
Distribution des résultats
% des personnes avec chaque résultat
Percentile par nombre de réponses
Votre historique - résultats
Vous n’avez pas pris ce quiz